Problematika aplikace smluv o platebním styku mezi ČR a SR.
8.2.1993 vstúpili do platnosti zmluvné dokumenty, ktoré boli uzavreté medzi Českou a Slovenskou republikou a znamenali ukončenie spoločnej meny a spolu so zákonom o menovej odluke vytvárajú podmienky pre novú formu platobných vzťahov so Slovenskou republikou. Platobná dohoda v praxi. Realizácia zvlá...
Salvato in:
| Autore principale: | |
|---|---|
| Natura: | Capitolo di libro |
| Lingua: | ceco |
| Soggetti: | |
| Tags: |
Nessun Tag, puoi essere il primo ad aggiungerne!!
|
MARC
| LEADER | 00000naa a2200000 4500 | ||
|---|---|---|---|
| 001 | r013320 | ||
| 005 | 20221205075544.9 | ||
| 041 | 0 | |a cze | |
| 044 | |a CZ | ||
| 245 | 1 | 0 | |a Problematika aplikace smluv o platebním styku mezi ČR a SR. |c J. Burian |
| 520 | |a 8.2.1993 vstúpili do platnosti zmluvné dokumenty, ktoré boli uzavreté medzi Českou a Slovenskou republikou a znamenali ukončenie spoločnej meny a spolu so zákonom o menovej odluke vytvárajú podmienky pre novú formu platobných vzťahov so Slovenskou republikou. Platobná dohoda v praxi. Realizácia zvláštneho clearingového platobného styku. Platby z titulu pohľadávok a záväzkov pred a po 8.2.1993. Vývoz českej a slovenskej meny. Dovoz českej a slovenskej meny. Vývoz a dovoz cudzej meny. | ||
| 610 | 2 | 0 | |a Čechy |
| 610 | 2 | 0 | |a Slovensko |
| 610 | 2 | 0 | |a styk platobný |
| 610 | 2 | 0 | |a 1993 |
| 610 | 2 | 0 | |a zmluvy medzinárodné |
| 610 | 2 | 0 | |a mena |
| 610 | 2 | 0 | |a pohľadávky |
| 610 | 2 | 0 | |a záväzky |
| 610 | 2 | 0 | |a klíring |
| 100 | 1 | |a Burian, J. | |